|
|
|
|
| LEADER |
00000nam0a2200000 4500 |
| 001 |
338886 |
| 005 |
20231102005107.0 |
| 035 |
|
|
|a (RuTPU)RU\TPU\book\365390
|
| 090 |
|
|
|a 338886
|
| 100 |
|
|
|a 20171205d1888 m y0rusy50 ca
|
| 101 |
0 |
|
|a rus
|
| 102 |
|
|
|a RU
|
| 105 |
|
|
|a b z 000zy
|
| 200 |
1 |
|
|a Геологическое исследование Сибирского почтового тракта от озера Байкал до Восточного склона хребта Уральского, а также путей, ведущих к Падунскому порогу на р. Ангаре и в город Минусинск
|f И. Д. Черский
|
| 210 |
|
|
|a Санкт-Петербург
|c Типография Императорской Академии наук
|d 1888
|
| 215 |
|
|
|a 145 с.
|c карта
|
| 225 |
1 |
|
|a Записки Императорской Академии Наук
|e приложение к LIX тому, № 2
|
| 300 |
|
|
|a Читано в заседании Физико-Математического Отделения 8 декабря 1887 г.
|
| 606 |
|
|
|a Геология
|y Сибирь
|2 stltpush
|3 (RuTPU)RU\TPU\subj\68833
|9 83954
|
| 610 |
1 |
|
|a Сибирь
|
| 610 |
1 |
|
|a сибирский тракт
|
| 610 |
1 |
|
|a Ангара
|
| 610 |
1 |
|
|a Минусинск
|
| 610 |
1 |
|
|a Байкал
|
| 610 |
1 |
|
|a геологическое исследование
|
| 610 |
1 |
|
|a Уральский хребет
|
| 675 |
|
|
|a 55(571.1/.5)
|v 4
|
| 700 |
|
1 |
|a Черский
|b И. Д.
|c русский ученый
|c исследователь Сибири
|f 1845-1892
|g Иван Дементьевич
|2 stltpush
|3 (RuTPU)RU\TPU\pers\23548
|9 10265
|
| 801 |
|
1 |
|a RU
|b 63413507
|c 20171205
|
| 801 |
|
2 |
|a RU
|b 63413507
|c 20171205
|g RCR
|
| 942 |
|
|
|c BK
|